LIBRARY & INFORMATION CENTRE, KCAET, TAVANUR

ONLINE PUBLIC ACCESS CATALOGUE (OPAC)

Proceedings of the International conference on Advances in Industrial wastewater tratment 9-11 Feburary 2005 (Record no. 12913)

MARC details
000 -LEADER
fixed length control field 00399cam a2200145ua 4500
041 ## - LANGUAGE CODE
Language code of text/sound track or separate title eng
100 ## - MAIN ENTRY--AUTHOR NAME
Personal name Selvapathy, P .
245 ## - TITLE STATEMENT
Title Proceedings of the International conference on Advances in Industrial wastewater tratment 9-11 Feburary 2005
260 ## - PUBLICATION, DISTRIBUTION, ETC. (IMPRINT)
Place of publication :
Name of publisher Allied publishers ,
Year of publication 2005.
300 ## - PHYSICAL DESCRIPTION
Number of Pages ; .
700 1# - ADDED ENTRY--PERSONAL NAME
Personal name Vasudevan, N.
942 ## - ADDED ENTRY ELEMENTS (KOHA)
Koha item type Books
Holdings
Withdrawn status Lost status Damaged status Home library Current library Date acquired Accession Number Koha item type
      KAUAET KAUAET 07/04/2012 21033 Books
free website counter